| 000 | 00340nam a22001217a 4500 | ||
|---|---|---|---|
| 999 |
_c9564 _d9564 |
||
| 003 | OSt | ||
| 008 | 201203b ||||| |||| 00| 0 eng d | ||
| 245 | _aBulletin of Materials Science | ||
| 250 | _a2013(Feb Vol.36 No.1, Apr Vol.36 No.2, Jun Vol.36 No.3) | ||
| 260 |
_aBengaluru _bSpringer |
||
| 650 | _aMechanical Engineering | ||
| 942 |
_2ddc _cBV |
||